000 00408nam a2200169Ia 4500
001 2945
003 IN-NITTTR
005 20251114232938.0
008 251113s9999||||xx |||||||||||||| ||eng||
040 _beng
040 _cIN-NITTTR
041 _aeng
082 _a004 B455G
100 _aBerkley, Edmund Callis
245 0 _aGiant brains or machines that think /
_cBerkley, Edmund Callis
942 _2ddc
_cBK
999 _c4742
_d4742